000 00589nam a22002057a 4500
003 OSt
005 20140310183127.0
008 130530t xxu||||| |||| 00| 0 eng d
020 _a9789719524908
050 _aDS 686.616
_b.C385 2011
082 _aFIL 959.9056092
_bC385 2011
245 _aMy Daily Race:
_bMy Life as a Senator, Mom and Triathlete
_cCayetano, Pia S.
260 _aMakati City
_bComapaƱero Rene Cayetano Foundation
_cc2011
300 _a206 p.
521 _acollege students
526 _c1210L-1700L
541 _j1
562 _e1
942 _2lcc
_cBK
_kFIL
999 _c19064
_d19064